Presupuesto público y contabilidad gubernamental / (Registro nro. 6799)

Detalles MARC
000 -LEADER
fixed length control field 01047nam a22002657a 4500
003 - CONTROL NUMBER IDENTIFIER
control field OSt
005 - DATE AND TIME OF LATEST TRANSACTION
control field 20200827103537.0
008 - FIXED-LENGTH DATA ELEMENTS--GENERAL INFORMATION
fixed length control field 200827b2010 ck ad fr 000 0dspa d
020 ## - INTERNATIONAL STANDARD BOOK NUMBER
International Standard Book Number 9789586486569
040 ## - CATALOGING SOURCE
Original cataloging agency CO-JMCR
Transcribing agency CO-JMCR
041 0# - LANGUAGE CODE
Language code of text/sound track or separate title spa
082 04 - DEWEY DECIMAL CLASSIFICATION NUMBER
Classification number 350.722 /
Item number R652p1
Edition number 23
100 1# - MAIN ENTRY--PERSONAL NAME
Personal name Romero Romero, Enrique,
Relator term autor
9 (RLIN) 6475
245 10 - TITLE STATEMENT
Title Presupuesto público y contabilidad gubernamental /
Statement of responsibility, etc. Enrique Romero Romero
250 ## - EDITION STATEMENT
Edition statement 4a. edición
260 ## - PUBLICATION, DISTRIBUTION, ETC.
Place of publication, distribution, etc. Bogotá :
Name of publisher, distributor, etc. Ecoe,
Date of publication, distribution, etc. 2010
300 ## - PHYSICAL DESCRIPTION
Extent 248 páginas :
Other physical details gráficos a blanco y negro ;
Dimensions 24 cm.
500 ## - GENERAL NOTE
General note Incluye datos biográficos del autor en solapa frontal.<br/><br/>
504 ## - BIBLIOGRAPHY, ETC. NOTE
Bibliography, etc. note Bibliografía: páginas 233-235
505 0# - FORMATTED CONTENTS NOTE
Formatted contents note Estructura administrativa del Estado colombiano -- Planeación y presupuesto público -- Sistema Nacional de Contabilidad Pública -- El control del Estado -- Terminología de apoyo<br/>
650 14 - SUBJECT ADDED ENTRY--TOPICAL TERM
Topical term or geographic name entry element Hacienda pública
Geographic subdivision Colombia
9 (RLIN) 6814
650 14 - SUBJECT ADDED ENTRY--TOPICAL TERM
Topical term or geographic name entry element Contabilidad
Geographic subdivision Colombia
9 (RLIN) 9339
650 14 - SUBJECT ADDED ENTRY--TOPICAL TERM
Topical term or geographic name entry element Presupuesto
Geographic subdivision Colombia
9 (RLIN) 9328
942 ## - ADDED ENTRY ELEMENTS (KOHA)
Source of classification or shelving scheme Dewey Decimal Classification
Koha item type Books
Existencias
Withdrawn status Lost status Source of classification or shelving scheme Damaged status Not for loan Collection code Home library Current library Date acquired Source of acquisition Total Checkouts Full call number Barcode Date last seen Copy number Price effective from Koha item type
    Dewey Decimal Classification     Non-fiction Biblioteca Pública José María del Castillo y Rada Biblioteca Pública José María del Castillo y Rada 04/15/2018 Donación   350.722 / R652p1 430009310 05/16/2024 Ej.1 08/27/2020 Books